000 00545nam a2200193Ia 4500
005 20250326143837.0
008 250326s9999 xx 000 0 und d
020 _a1-4039-8788-2
037 _aTextbook
040 _aFMSL
_beng
_cFMSL
041 _aeng
_2eng
084 _aX.41 P6
_qFMSL
100 _aLo Chi
245 0 _aPhantom of the China economic threat:Shadow of the next asian crisis
_cLo Chi
260 _aNY
_bNY, Palgrave macmillan
_c2006
300 _axxiv,204
942 _cTB
_hX.41 P6
999 _c1301290
_d1301290